| 000 | 00714nam a2200205 a 4500 | ||
|---|---|---|---|
| 001 | 000027149 | ||
| 005 | 20200930030632.0 | ||
| 008 | 110330s1987 dr a 000 0 spa d | ||
| 040 |
_aDO-SdBNP _bspa _cBNPHU |
||
| 082 |
_axxx _bE79 |
||
| 245 | 0 | 1 |
_aEstablishing a dominican branch / _cforeword ; Kaplan, Russin, Vecchi & Heredia Bonetti. |
| 260 |
_a[Santo Domingo] : _bAsociación de Bancos Comerciales de la República Dominicana : _bCENAPEC, _c1987. |
||
| 300 |
_a63 p. : _bil. ; _c23 cm. |
||
| 500 | _aIncluye referencias biblográficas y notas al pie de la páginas. | ||
| 700 | 1 |
_aKaplan _954211 |
|
| 700 | 1 |
_aRussin _952565 |
|
| 700 | 1 |
_aVeccchi _954212 |
|
| 700 | 1 |
_aBonetti, Heredia _914566 |
|
| 049 | _aBNPD | ||
| 999 |
_c26641 _d26641 |
||